<?xml version="1.0" encoding="UTF-8"?>
<record
    xmlns:xsi="http://www.w3.org/2001/XMLSchema-instance"
    xsi:schemaLocation="http://www.loc.gov/MARC21/slim http://www.loc.gov/standards/marcxml/schema/MARC21slim.xsd"
    xmlns="http://www.loc.gov/MARC21/slim">

  <leader>00747nam a22001577a 4500</leader>
  <controlfield tag="003">OSt</controlfield>
  <controlfield tag="005">20160104160907.0</controlfield>
  <controlfield tag="008">160104b        xxu||||| |||| 00| 0 eng d</controlfield>
  <datafield tag="040" ind1=" " ind2=" ">
    <subfield code="c">RUA</subfield>
  </datafield>
  <datafield tag="082" ind1=" " ind2=" ">
    <subfield code="a">LMA KOE 2010 B308 Or.1</subfield>
  </datafield>
  <datafield tag="100" ind1=" " ind2=" ">
    <subfield code="9">5989</subfield>
    <subfield code="a">KOEK, BONA.</subfield>
  </datafield>
  <datafield tag="245" ind1=" " ind2=" ">
    <subfield code="a">Study on registered land transaction in ruesseilok commune, chiraeng disrict, siem reap province, &#x179F;&#x17B7;&#x1780;&#x17D2;&#x179F;&#x17B6;&#x1796;&#x17B8;&#x1780;&#x17B6;&#x179A;&#x1795;&#x17D2;&#x1791;&#x17C1;&#x179A;&#x179F;&#x17B7;&#x1791;&#x17D2;&#x1792;&#x17B7;&#x1785;&#x17C6;&#x1796;&#x17C4;&#x17C7;&#x178A;&#x17B8;&#x178A;&#x17C2;&#x179B;&#x1794;&#x17B6;&#x1793;&#x1785;&#x17BB;&#x17C7;&#x1794;&#x1789;&#x17D2;&#x1787;&#x17B8;&#x179A;&#x17BD;&#x1785;&#x179A;&#x1794;&#x179F;&#x17CB;&#x1794;&#x17D2;&#x179A;&#x1787;&#x17B6;&#x1796;&#x179B;&#x179A;&#x178A;&#x17D2;&#x178B;&#x1793;&#x17C5;&#x1783;&#x17BB;&#x17C6;&#x17AB;&#x179F;&#x17D2;&#x179F;&#x17B8;&#x179B;&#x1780; &#x179F;&#x17D2;&#x179A;&#x17BB;&#x1780;&#x178A;&#x17B8;&#x1780;&#x17D2;&#x179A;&#x17C2; &#x1781;&#x17C1;&#x178F;&#x17D2;&#x178F;&#x179F;&#x17C0;&#x1798;&#x179A;&#x17B6;&#x1794;</subfield>
  </datafield>
  <datafield tag="260" ind1=" " ind2=" ">
    <subfield code="a">Phnom Penh</subfield>
    <subfield code="b">RUA</subfield>
    <subfield code="c">2011</subfield>
  </datafield>
  <datafield tag="300" ind1=" " ind2=" ">
    <subfield code="a">ix; 52p.</subfield>
    <subfield code="b">ill.</subfield>
    <subfield code="c">29cm.</subfield>
  </datafield>
  <datafield tag="942" ind1=" " ind2=" ">
    <subfield code="2">ddc</subfield>
    <subfield code="c">LMA</subfield>
  </datafield>
  <datafield tag="999" ind1=" " ind2=" ">
    <subfield code="c">5587</subfield>
    <subfield code="d">5587</subfield>
  </datafield>
  <datafield tag="952" ind1=" " ind2=" ">
    <subfield code="0">0</subfield>
    <subfield code="1">0</subfield>
    <subfield code="2">ddc</subfield>
    <subfield code="4">0</subfield>
    <subfield code="6">LMA_KOE_2010_000000000000000_B308_OR_1</subfield>
    <subfield code="7">0</subfield>
    <subfield code="9">30258</subfield>
    <subfield code="a">LBB</subfield>
    <subfield code="b">LBB</subfield>
    <subfield code="c"> 	B308</subfield>
    <subfield code="d">2016-01-04</subfield>
    <subfield code="o">LMA KOE 2010 B308 Or.1</subfield>
    <subfield code="p">RUA025546</subfield>
    <subfield code="r">2016-01-04</subfield>
    <subfield code="w">2016-01-04</subfield>
    <subfield code="y">LMA</subfield>
  </datafield>
  <datafield tag="952" ind1=" " ind2=" ">
    <subfield code="0">0</subfield>
    <subfield code="1">0</subfield>
    <subfield code="2">ddc</subfield>
    <subfield code="4">0</subfield>
    <subfield code="6">LMA_KOE_2010_000000000000000_B308_OR_2</subfield>
    <subfield code="7">0</subfield>
    <subfield code="9">30259</subfield>
    <subfield code="a">LBB</subfield>
    <subfield code="b">LBB</subfield>
    <subfield code="c"> 	B308</subfield>
    <subfield code="d">2016-01-04</subfield>
    <subfield code="o">LMA KOE 2010 B308 Or.2</subfield>
    <subfield code="p">RUA025545</subfield>
    <subfield code="r">2016-01-04</subfield>
    <subfield code="w">2016-01-04</subfield>
    <subfield code="y">LMA</subfield>
  </datafield>
  <datafield tag="952" ind1=" " ind2=" ">
    <subfield code="0">0</subfield>
    <subfield code="1">0</subfield>
    <subfield code="2">ddc</subfield>
    <subfield code="4">0</subfield>
    <subfield code="6">LMA_KOE_2010_000000000000000_B308_OR_3</subfield>
    <subfield code="7">0</subfield>
    <subfield code="9">30260</subfield>
    <subfield code="a">LBB</subfield>
    <subfield code="b">LBB</subfield>
    <subfield code="c"> 	B308</subfield>
    <subfield code="d">2016-01-04</subfield>
    <subfield code="o">LMA KOE 2010 B308 Or.3</subfield>
    <subfield code="p">RUA025832</subfield>
    <subfield code="r">2016-01-04</subfield>
    <subfield code="w">2016-01-04</subfield>
    <subfield code="y">LMA</subfield>
  </datafield>
  <datafield tag="952" ind1=" " ind2=" ">
    <subfield code="0">0</subfield>
    <subfield code="1">0</subfield>
    <subfield code="2">ddc</subfield>
    <subfield code="4">0</subfield>
    <subfield code="6">LMA_KOE_2010_000000000000000_B308_OR_4</subfield>
    <subfield code="7">0</subfield>
    <subfield code="9">30261</subfield>
    <subfield code="a">LBB</subfield>
    <subfield code="b">LBB</subfield>
    <subfield code="c"> 	B308</subfield>
    <subfield code="d">2016-01-04</subfield>
    <subfield code="l">1</subfield>
    <subfield code="o">LMA KOE 2010 B308 Or.4</subfield>
    <subfield code="p">RUA049626</subfield>
    <subfield code="r">2016-10-28</subfield>
    <subfield code="s">2016-10-19</subfield>
    <subfield code="w">2016-01-04</subfield>
    <subfield code="y">LMA</subfield>
  </datafield>
  <datafield tag="952" ind1=" " ind2=" ">
    <subfield code="0">0</subfield>
    <subfield code="1">0</subfield>
    <subfield code="2">ddc</subfield>
    <subfield code="4">0</subfield>
    <subfield code="6">LMA_KOE_2010_000000000000000_B308_OR_5</subfield>
    <subfield code="7">0</subfield>
    <subfield code="9">30262</subfield>
    <subfield code="a">LBB</subfield>
    <subfield code="b">LBB</subfield>
    <subfield code="c"> 	B308</subfield>
    <subfield code="d">2016-01-04</subfield>
    <subfield code="l">1</subfield>
    <subfield code="o">LMA KOE 2010 B308 Or.5</subfield>
    <subfield code="p">RUA049566</subfield>
    <subfield code="r">2023-05-03</subfield>
    <subfield code="s">2023-03-14</subfield>
    <subfield code="w">2016-01-04</subfield>
    <subfield code="y">LMA</subfield>
  </datafield>
  <datafield tag="952" ind1=" " ind2=" ">
    <subfield code="0">0</subfield>
    <subfield code="1">0</subfield>
    <subfield code="2">ddc</subfield>
    <subfield code="4">0</subfield>
    <subfield code="6">LMA_KOE_2010_000000000000000_B308_OR_6</subfield>
    <subfield code="7">0</subfield>
    <subfield code="9">30263</subfield>
    <subfield code="a">LBB</subfield>
    <subfield code="b">LBB</subfield>
    <subfield code="c"> 	B308</subfield>
    <subfield code="d">2016-01-04</subfield>
    <subfield code="l">1</subfield>
    <subfield code="o">LMA KOE 2010 B308 Or.6</subfield>
    <subfield code="p">RUA049506</subfield>
    <subfield code="r">2016-10-17</subfield>
    <subfield code="s">2016-10-17</subfield>
    <subfield code="w">2016-01-04</subfield>
    <subfield code="y">LMA</subfield>
  </datafield>
  <datafield tag="952" ind1=" " ind2=" ">
    <subfield code="0">0</subfield>
    <subfield code="1">0</subfield>
    <subfield code="2">ddc</subfield>
    <subfield code="4">0</subfield>
    <subfield code="6">LMA_KOE_2010_000000000000000_B308_OR_7</subfield>
    <subfield code="7">0</subfield>
    <subfield code="9">30264</subfield>
    <subfield code="a">LBB</subfield>
    <subfield code="b">LBB</subfield>
    <subfield code="c"> 	B308</subfield>
    <subfield code="d">2016-01-04</subfield>
    <subfield code="o">LMA KOE 2010 B308 Or.7</subfield>
    <subfield code="p">RUA049446</subfield>
    <subfield code="r">2016-01-04</subfield>
    <subfield code="w">2016-01-04</subfield>
    <subfield code="y">LMA</subfield>
  </datafield>
  <datafield tag="952" ind1=" " ind2=" ">
    <subfield code="0">0</subfield>
    <subfield code="1">0</subfield>
    <subfield code="2">ddc</subfield>
    <subfield code="4">0</subfield>
    <subfield code="6">LMA_KOE_2010_000000000000000_B308_OR_8</subfield>
    <subfield code="7">0</subfield>
    <subfield code="9">30265</subfield>
    <subfield code="a">LBB</subfield>
    <subfield code="b">LBB</subfield>
    <subfield code="c"> 	B308</subfield>
    <subfield code="d">2016-01-04</subfield>
    <subfield code="l">4</subfield>
    <subfield code="o">LMA KOE 2010 B308 Or.8</subfield>
    <subfield code="p">RUA049331</subfield>
    <subfield code="r">2023-08-07</subfield>
    <subfield code="s">2023-06-20</subfield>
    <subfield code="w">2016-01-04</subfield>
    <subfield code="y">LMA</subfield>
  </datafield>
  <datafield tag="952" ind1=" " ind2=" ">
    <subfield code="0">0</subfield>
    <subfield code="1">0</subfield>
    <subfield code="2">ddc</subfield>
    <subfield code="4">0</subfield>
    <subfield code="6">LMA_KOE_2010_000000000000000_B308_OR_9</subfield>
    <subfield code="7">0</subfield>
    <subfield code="9">36719</subfield>
    <subfield code="a">LBB</subfield>
    <subfield code="b">LBB</subfield>
    <subfield code="c"> 	B308</subfield>
    <subfield code="d">2016-02-01</subfield>
    <subfield code="l">3</subfield>
    <subfield code="m">2</subfield>
    <subfield code="o">LMA KOE 2010 B308 Or.9</subfield>
    <subfield code="p">rua050892</subfield>
    <subfield code="r">2024-08-01</subfield>
    <subfield code="s">2024-06-28</subfield>
    <subfield code="w">2016-02-01</subfield>
    <subfield code="y">LMA</subfield>
  </datafield>
</record>
